Wszyscy finaliści ligi mistrzów - Statystyki

Ogólne statystyki
  • Ten quiz został rozwiązany 264 razy
    93 od ostatniego zresetowania
  • Średni wynik to 114 z 136
Statystyki odpowiedzi
^⁠_⁠^_^⁠_^⁠_^⁠_⁠^ Odpowiedz % Poprawnych
Przegrany | Zwycięzca Real Madryt
100%
Przegrany | Zwycięzca Barcelona
97%
Przegrany Bayer
97%
Przegrany | Zwycięzca Inter
97%
Przegrany | Zwycięzca Manchester City
97%
Przegrany | Zwycięzca Manchester United
97%
Przegrany | Zwycięzca Milan
97%
Przegrany | Zwycięzca Juventus
96%
Przegrany | Zwycięzca Chelsea
94%
Przegrany | Zwycięzca PSG
94%
Przegrany Arsenal
93%
Przegrany | Zwycięzca Liverpool
93%
Przegrany | Zwycięzca Borussia Dortmund
91%
Przegrany Atletico
89%
Przegrany | Zwycięzca Bayern
89%
Przegrany | Zwycięzca Ajax
87%
Zwycięzca Porto
86%
Przegrany Tottenham
83%
Przegrany | Zwycięzca Benfica
77%
Zwycięzca Nottingham
77%
Zwycięzca PSV
77%
Przegrany Valencia
74%
Przegrany Monaco
73%
Przegrany | Zwycięzca Celtic
67%
Zwycięzca Aston Villa
66%
Zwycięzca Feyenoord
63%
Przegrany | Zwycięzca Olympique Marsylia
61%
Przegrany Roma
61%
Zwycięzca Crvena Zvezda
60%
Przegrany | Zwycięzca Steaua Bukareszt
56%
Przegrany | Zwycięzca Hamburger
53%
Przegrany Fiorentina
31%
Przegrany Sampdoria
30%
Przegrany BorussiaMonchengladbach
29%
Przegrany Eintracht Frankfurt
24%
Przegrany Leeds
23%
Przegrany Malmo
23%
Przegrany Stade Reims
23%
Przegrany Partizan
21%
Przegrany Panathinaikos
19%
Przegrany Saint Etienne
17%
Przegrany Club Brugge
11%
Nie znaleziono quizów pasujących do podanych kryteriów
Rozkład punktacji
Procent ludzi z każdym wynikiem
Percentyl według liczby udzielonych odpowiedzi
Twoja historia wyników
Nie rozwiązałeś tego quizu od ostatniego zresetowania